00893nab a2200229 uc450000100070000000500170000700800410002403500110006503500210007604000130009704100080011010000520011824501570017065000210032765000410034865000260038965000340041565000330044977301520048294200100063499900190064480424120240201184832.0030404e20021101 spa  a804241 a(OCoLC)820018115 ccomduadb aspa10aZenner de Polanía, Ingeborg4auteaut935002810aEvaluacion preliminar de dano y metodos de captura de un caracol manzana, Pomacea cerca a canaliculata, plaga de arroz en el Zulia (Santander del Norte) aCaracoles953226 aArroz - Enfermedades y plagas983473 aCaptura animal967281 aTrampas para animales9174358 aPomacea canaliculata91108420 tRevista U.D.C.A. : Actualidad y Divulgación Científica (Bogotá)gVolumen 05, Número 01, Noviembre 2002, p. 42-51w800922x0123-42260275134 cARIMP c273473d273473